000 00816nam a22002777a 4500
001 BR8804030
003 BR-BrBNA
005 20230928092948.0
007 ta
008 230509b bl.||||| |||| 00| 0 por d
040 _aBR-BrBNA
_bpor
_cBiblioteca Nacional de Agricultura
041 _a(Por)
072 _aK10; K70
_b/G514
090 _ K10 BR8804030
110 1 _aFundacao Estadual de Planejamento Agricola do Rio Grande do Norte, Natal (Brasil)
_94891
245 1 _aPrograma de acao florestal do estado do Rio Grande do Norte
260 3 _aNatal, RN (Brasil):
_c1987.
300 _a39 p.
500 _a13 tables; 5 ref.
650 _aRECURSO FLORESTAL
650 _aCONSERVACAO
650 _aREFLORESTAMENTO
650 _aRIO GRANDE DO NORTE
909 _a202309
_bLucia
_c55
_dLucia Elande
942 _cBK
999 _c42241
_d42241